Propuesta para el manejo y disposición de lodos generados en la planta de tratamiento de agua potable de Tres Ríos
Gorde:
| Egile nagusia: | |
|---|---|
| Formatua: | Liburua |
| Hizkuntza: | Spanish |
| Argitaratua: |
[San José], Costa Rica
2014
|
| Gaiak: | |
| Etiketak: |
Etiketa erantsi
Etiketarik gabe, Izan zaitez lehena erregistro honi etiketa jartzen!
|
MARC
| LEADER | 00000nam a22000007a 4500 | ||
|---|---|---|---|
| 003 | 011957 | ||
| 005 | 20221231143859.0 | ||
| 008 | 150309b2014 cr a|||| |||| 00| 0 spa d | ||
| 040 | |c cru CEDI | ||
| 090 | |a TFG 7123 | ||
| 100 | |9 367 |a Redondo Campos, Angie Natalia | ||
| 245 | |a Propuesta para el manejo y disposición de lodos generados en la planta de tratamiento de agua potable de Tres Ríos | ||
| 260 | |a [San José], Costa Rica |c 2014 | ||
| 500 | |a Proyecto de graduación (licenciatura en ingeniería civil)--Universidad de Costa Rica. Facultad de Ingeniería. Escuela de Ingeniería Civil | ||
| 650 | |x PLANTAS PARA TRATAMIENTO DE AGUA - TRES RIOS (LA UNION, CARTAGO, COSTA RICA) |x PROCESOS DE POTABILIZACION DEL AGUA - TRES RIOS (LA UNION, CARTAGO, COSTA RICA) |x TRATAMIENTO DE LODOS - TRES RIOS (LA UNION, CARTAGO, COSTA RICA) |x CONTAMINACION AMBIENTAL - PREVENCION Y CONTROL |9 368 | ||
| 942 | |c TFG | ||
| 999 | |c 13658 |d 13658 | ||
